| 000 | 00529nam a2200193Ia 4500 | ||
|---|---|---|---|
| 008 | 151119s9999||||xx |||||||||||||| ||und|| | ||
| 082 | _a927 | ||
| 082 | _bGKKV14035 | ||
| 100 | _aपंडीत बाळ | ||
| 245 | _aदि लिटल मास्टर | ||
| 260 | _a-- | ||
| 260 | _b-- | ||
| 260 | _c1983 | ||
| 600 | _aपंडीत बाळ | ||
| 630 | _aदि लिटल मास्टर | ||
| 700 | _aपंडीत बाळ | ||
| 730 | _aदि लिटल मास्टर | ||
| 942 | _cBOOK | ||
| 999 |
_c1067604 _d1067601 |
||